01261nabaa22001937a 4500003000400000005001700004008004100021040000700062100002900069245017100098300001500269500003700284505045000321505008900771650002700860650003400887650003100921773011500952OSt20260123201053.0190701b xxu||||| |||| 00| 0 spa d cPJ aSilva Tamayo, Gustavo E.10aRazonabilidad y proporcionalidad en la jurisprudencia de la Corte Suprema de Justicia de la Nación :bel caso del principio de igualdad /cGustavo E. Silva Tamayo.  ap. 161-173 aCita: TR LALEY AR/DOC/3182/2023  aSumario: I. Introducción y planteo de la cuestión.— II. La distinción entre razonabilidad y proporcionalidad.— III. El control de razonabilidad en el sistema de los Estados Unidos.— IV. El examen de proporcionalidad.— V. Las restricciones al principio de libertad en la jurisprudencia de la Corte Suprema de Justicia argentina.— VI. La regla de la proporcionalidad en la jurisprudencia de la Corte Suprema.— VII. Conclusión.  t¿Te interesa el texto completo? Comunicate al correo: koha@justierradelfuego.gov.ar 0aDERECHO ADMINISTRATIVO 0aPRINCIPIO DE PROPORCIONALIDAD 0aFALLOS DE LA CORTE SUPREMA0 02842dBuenos Aires : AbeledoPerrot, 2012-oDA121tDerecho administrativo. Nº 151 enero/febrero 2024z18510590